000 00747nam a2200229 i 4500
001 145838
003 ES-MaACL
005 20251112162827.0
007 t|
008 071017s2010 sp |||| | spa d
020 _a978-84-92927-96-8
080 _a821.134.2(729.1)-84"19"
100 1 _aDíaz Díaz, Alberto,
_d1958-
_9140939
245 1 0 _aIdealismo pragmático /
_cAlberto Díaz-Díaz.
260 _aMadrid :
_bAebius,
_c[2010]
300 _a190 p. ;
_c21 cm.
852 _aES-MaACL
_jA-12099
_9151104
_bR.147046
_cDEPO1
_dOlim: N-5104
_xDonación: del autor Alberto Diaz-Diaz
903 _aDíaz Díaz, Alberto,
_d1966-
_ednr
_9141350
942 _2udc
_cMONOGRAFIA
999 _c145838
_d145838